书目信息 |
| 题名: |
人能弘道
|
|
| 作者: | 傅佩荣 著 | |
| 分册: | ||
| 出版信息: | 北京 东方出版社 2012 |
|
| 页数: | 417页 | |
| 开本: | 24cm | |
| 丛书名: | ||
| 单 册: | ||
| 中图分类: | B222.25 | |
| 科图分类: | ||
| 主题词: | 儒家--ru jia | |
| 电子资源: | ||
| ISBN: | 978-7-5060-5306-8 | |
| 000 | 00774nam0 2200253 450 | |
| 001 | 2153132507 | |
| 005 | 20211018173724.0 | |
| 010 | @a978-7-5060-5306-8@dCNY56.00 | |
| 100 | @a20121116d2012 em y0chiy50 ea | |
| 101 | 0 | @achi |
| 102 | @aCN@b110000 | |
| 105 | @ay z 000yy | |
| 106 | @ar | |
| 200 | 1 | @a人能弘道@Aren neng hong dao@e傅佩荣谈论语@f傅佩荣著 |
| 210 | @a北京@c东方出版社@d2012 | |
| 215 | @a417页@d24cm | |
| 330 | @a本书集作者研究《论语》心得之大全,阐述了如何“以孔子为师,与孔子为友”。 | |
| 517 | 1 | @a傅佩荣谈论语@Afu pei rong tan lun yu |
| 605 | @a《论语》@Alun yu@x研究 | |
| 606 | 0 | @a儒家@Aru jia |
| 690 | @aB222.25@v5 | |
| 701 | 0 | @a傅佩荣@Afu pei rong@f(1950-)@4著 |
| 801 | 0 | @aCN@b百万庄@c20211018 |
| 905 | @b1310928-931@dB222.25@e1006@f4 | |
| 人能弘道:傅佩荣谈论语/傅佩荣著.-北京:东方出版社,2012 |
| 417页;24cm |
| ISBN 978-7-5060-5306-8:CNY56.00 |
| 本书集作者研究《论语》心得之大全,阐述了如何“以孔子为师,与孔子为友”。 |
| ● |
| 相关链接 |
|
|
|
|
正题名:人能弘道
索取号:B222.25/1006
 
预约/预借
| 序号 | 登录号 | 条形码 | 馆藏地/架位号 | 状态 | 备注 |
| 1 | 1310928 | 213109287 | 第一样本阅览室/ [索取号:B222.25/1006] | 在馆 | |
| 2 | 1310929 | 213109296 | 第一借阅区/ [索取号:B222.25/1006] | 在馆 | |
| 3 | 1310930 | 213109303 | 第一借阅区/ [索取号:B222.25/1006] | 在馆 | |
| 4 | 1310931 | 213109312 | 第一借阅区/ [索取号:B222.25/1006] | 在馆 |